000 00254nam a2200109Ia 4500
008 190912s9999||||xx |||||||||||||| ||und||
100 _aPhilip Kunhardt
245 4 _aThe Joy of Life
260 _aCanada
_bMcGraw-Hill
_c2016
300 _a226
942 _cBK
999 _c7369
_d7369